00475nam a2200109Ia 4500008004100000100002100041245017700062260003900239300001200278650001500290856006000305160712s9999 xx 000 0 und d aLong, Hoang Cuu. cHoang Cuu LongaThe Relationship Among Learning Orientation, Market Orientation, Entrepreneurial Orientation, and Firm Performance of Vietnam Marketing Communications Firms c2013bPhilippine Management Review avol. 20 xMANAGEMENT uhttp://journals.upd.edu.ph/index.php/pmr/issue/view/378